|
|
|
|
| LEADER |
00000nab a2200000 a 4500 |
| 001 |
vtls008415548 |
| 003 |
SK-MaSNL |
| 005 |
20260304141457.0 |
| 008 |
250505c2005 xo 0 slo |
| 015 |
|
|
|a SNBCL2005/5
|
| 035 |
|
|
|a SLK033762
|
| 035 |
|
|
|a urn:nbn:sk:snk-ab6w2f
|
| 035 |
|
|
|a (uuid)3ab41b7a-001f-4dbd-8224-30a81ec06445
|
| 035 |
|
|
|a (urnnbn)urn:nbn:sk:snk:ar-a061jd
|
| 035 |
|
|
|a (sysno)vtls008415548
|
| 040 |
|
|
|a SNKBUCL
|b slo
|c SNKBUCL
|e AACR2
|
| 041 |
0 |
|
|a slo
|b eng
|b slo
|
| 044 |
|
|
|a xo
|c SK
|
| 080 |
|
|
|a 616.379-008.64-085
|2 1981
|
| 100 |
1 |
|
|a Schroner, Zbynek
|4 aut
|9 267142
|
| 245 |
1 |
0 |
|a Musíme sa obávať použitia vyšších dávok inzulínu glargín v liečbe pacientov s diabetes mellitus 2. typu?
|c Zbynek Schroner
|
| 246 |
1 |
0 |
|a Do we have to be afraid of using higher doses of insulin glargin in the treatment of patients with type 2 diabetes mellitus?
|
| 300 |
|
|
|b Tab.
|
| 504 |
|
|
|a Res. angl., slov.
|
| 504 |
|
|
|a Bibliogr. odkazy
|
| 650 |
0 |
7 |
|a diabetes mellitus, typ 2
|x farmakoterapia
|2 MESH
|9 1458203
|
| 650 |
0 |
7 |
|a inzulín dlhodobo pôsobiaci
|x aplikácia a dávkovanie
|2 MESH
|9 1288613
|
| 650 |
0 |
7 |
|a farmakoterapia
|x metódy
|2 MESH
|9 1055568
|
| 773 |
0 |
|
|t Diabetes a obezita
|g Roč. 5, č. 9 (2005), s. 73, 75-79
|x 1335-8383
|
| 850 |
|
|
|a Slovenská národná knižnica
|
| 852 |
|
|
|a Slovenská národná knižnica
|
| 954 |
|
|
|a odborná, vedecká literatúra pôvodná (slovenská)
|2 lita
|
| 958 |
|
|
|a article27
|
| 958 |
|
|
|a OND
|
| 958 |
|
|
|a EUIPO
|
| 999 |
|
|
|c 2918813
|d 2920743
|